000 00652nam a2200265Ia 4500
005 20260121171641.0
008 008 260114s9999 xx 000 0 eng d
020 _a9783030250973
037 _aEBOOK
040 _aCRL
040 _beng
040 _cCRL
041 _2eng
041 _aeng
084 _qCRL
100 _aMark Schweda, Michael Coors, Claudia Bozzaro
_91078819
245 0 _aAging and Human Nature
260 _bSpringer
260 _bSpringer
260 _c2020
856 _uhttps://link.springer.com/openurl?genre=book&isbn=978-3-030-25097-3
942 _cEBOOK
999 _c1644550
_d1644550